| 000 | 00417nam a2200181Ia 4500 | ||
|---|---|---|---|
| 008 | 210210b1927 xxu||||| |||| 00| 0 eng d | ||
| 041 | _aeng | ||
| 082 | _a825/446 | ||
| 100 | _aHUDSON (W H) | ||
| 245 | _aGray and his poetry | ||
| 260 |
_aLondon _bGeorge G Harrap and Company _c1927 |
||
| 650 | _apoetry | ||
| 650 | _ahis | ||
| 650 | _aGray | ||
| 650 | _aand | ||
| 690 | _aEnglish Criticism | ||
| 906 | _a014762 | ||
| 999 |
_c133982 _d133982 |
||